01759nam a22002057a 4500003000400000005001700004007000300021008004100024020001500065040001500080100004400095245008000139250001200219260002900231300001000260490003800270520117800308650002401486700004301510OSt20241220123930.0ta230621b ag ||||| |||| 00| 0 spa d a8478442588 cbesociales1 aTanizaki, Junichirōd1886-1965eautor03aEl elogio de la sombra /cJunichirō Tanizaki ; traducción Julia Escobar a19a ed. aMadrid :bSiruela,c2005 a95 p. aBiblioteca de ensayo Siruela ;v1 aEn Occidente, el más poderoso aliado de la belleza ha sido siempre la luz. En cambio, en la estética tradicional japonesa lo esencial es captar el enigma de la sombra. Lo bello no es una sustancia en sí sino un juego de claroscuros producido por la yuxtaposición de las diferentes sustancias que va formando el juego sutil de las modulaciones de la sombra. Lo mismo que una piedra fosforescente en la oscuridad pierde toda su fascinante sensación de joya preciosa si fuera expuesta a plena luz, la belleza pierde toda su existencia si se suprimen los efectos de la sombra. En este ensayo clásico, escrito en 1933, Junichiro Tanizaki va desarrollando con gran refinamiento esta idea medular del pensamiento oriental, clave para entender el color de las lacas, de la tinta o de los trajes del teatro no; para aprender a apreciar el aspecto antiguo del papel o de los reflejos velados en la pátina de los objetos; para prevenirnos contra todo lo que brilla; para captar la belleza en la llama vacilante de una lámpara y descubrir el alma de la arquitectura a través de los grados de opacidad de los materiales y el silencio y la penumbra del espacio vacío. 4aEstéticazJapón aEscobar, Julia, d(1946-), etraductor